El huérfano de la ermita : melodrama español de costumbres populares, original, en cuatro actos y en verso /

Bibliographic Details
Main Author: Plaza, Hipólito
Format: Book
Language:Spanish
Published: Madrid : Impr. de P. Conesa, 1862.

MARC

Tag First Indicator Second Indicator Subfields
LEADER 00000cam a2200000Ia 4500
001 in00002583613
005 20151201152428.0
008 860404s1862 sp 000 d spa d
035 |a (OCoLC)ocm13389870 
035 |a (OCoLC)13389870 
040 |a NOC  |c NOC  |d TXA  |d UtOrBLW 
049 |a TXAM 
090 |a PQ6556.P42  |b H83 1862 
100 1 |a Plaza, Hipólito. 
245 1 3 |a El huérfano de la ermita :  |b melodrama español de costumbres populares, original, en cuatro actos y en verso /  |c por Hipólito Plaza. 
264 1 |a Madrid :  |b Impr. de P. Conesa,  |c 1862. 
300 |a 21 pages ;  |c 27 cm. 
336 |a text  |b txt  |2 rdacontent 
337 |a unmediated  |b n  |2 rdamedia 
338 |a volume  |b nc  |2 rdacarrier 
500 |a Caption title. 
500 |a At head of title: Biblioteca Dramática. 
500 |a The Cushing Library/Rare Books copy forms part of the Lee Fontanella Collection. 
948 |a cataloged  |b h  |c 2010/7/1  |d c  |e hgolay  |f 11:00:32 am 
994 |a C0  |b TXA 
999 |a MARS 
999 f f |s d5cfb689-35b0-369c-ad1a-24692a92f7a2  |i c297ee5a-a2fb-346e-80e5-e4b5c4485357  |t 0 
952 f f |p noncirc  |a Texas A&M University  |b College Station  |c Cushing Memorial Library & Archives  |d Cushing: Rare Books (Does not check out)  |t 0  |e PQ6556.P42 H83 1862  |h Library of Congress classification  |i unmediated -- volume 
998 f f |a PQ6556.P42 H83 1862  |t 0  |l Cushing: Rare Books (Does not check out)